Central Library OPAC University of Rajshahi

كتاب السلوك لمعرفة دول الملوك / ;; Kitāb al-Sulūk li-maʿrifat duwal al-mulūk / (Record no. 79398)

MARC details
000 -LEADER
fixed length control field 01545nam a2200265 a 4500
001 - CONTROL NUMBER
control field 79398)
003 - CONTROL NUMBER IDENTIFIER
rucl marc code BD-RjUL
005 - DATE AND TIME OF LATEST TRANSACTION
control field 20220216114427.0
008 - FIXED-LENGTH DATA ELEMENTS--GENERAL INFORMATION
fixed length control field 220219m19341972ua h b 001 0cara d
035 ## - SYSTEM CONTROL NUMBER
System control number (BD-RjUL)79398
040 ## - CATALOGING SOURCE
Original cataloging agency DLC
Transcribing agency KUK
Modifying agency NBiSU
-- WaOLN
-- UaCaAUL
-- UkOxU
Language of cataloging eng
041 ## - LANGUAGE CODE
Language code of text/sound track or separate title ara
082 ## - DEWEY DECIMAL CLASSIFICATION NUMBER
Edition number 23
Classification number 962.024
Author mark and year MAK 1934-72
100 1# - MAIN ENTRY--PERSONAL NAME
Personal name مقريزى، أحمد ابن علي.;; Maqrīzī, Aḥmad ibn ʿAlī,
Dates associated with a name 1364-1442.
9 (RLIN) 1389
245 10 - TITLE STATEMENT
Title كتاب السلوك لمعرفة دول الملوك / ;; Kitāb al-Sulūk li-maʿrifat duwal al-mulūk /
Statement of responsibility, etc. لتقى الدين أحمد ابن على المقريزى ؛ صححه ووضع حواشيه محمد مصطفى زيادة. ;; li-taqī al-Dīn Aḥmad Ibn ʿAlī al-Maqrīzī ; ṣaḥḥaḥahu wa-waḍaʿa ḥawāshihi Muḥammad Muṣṭafá Ziyādah.
Remainder of title سلوك لمعرفة دول الملوك ;; Sulūk li-maʿrifat duwal al-mulūk
246 15 - VARYING FORM OF TITLE
Title proper/short title Chronicle of Aḥmad ibn ʿAli al-Maḳrīzī, entitled Kitab al-Sulūk li-maʿrifat duwal al-mulūk
260 ## - PUBLICATION, DISTRIBUTION, ETC. (IMPRINT)
Place of publication, distribution, etc. al-Qāhirah ;; القاهرة :
Name of publisher, distributor, etc. Maṭbaʿat Lajnat al-Taʼlīf wa-al-Tarjamah wa-al-Nashr,
Date of publication, distribution, etc. 1934-1972
300 ## - PHYSICAL DESCRIPTION
Pagination 4 v. in 9 :
Illustrations facsims. ;
Size 29 cm.
500 ## - GENERAL NOTE
General note At head of title: Lajnat al-Taʼlif wa-al-Tarjamah wa-al-Nashr.
504 ## - BIBLIOGRAPHY, ETC. NOTE
Bibliography, etc Includes bibliographical references and indexes.
505 ## - FORMATTED CONTENTS NOTE
Formatted contents note Vol. 1.pt.1.--v.1.pt.2.--v.1.pt.3.--v.2.pt.1-2.--
650 #0 - SUBJECT ADDED ENTRY--TOPICAL TERM
Topical term or geographic name as entry element Mamelukes.
9 (RLIN) 1390
700 1# - ADDED ENTRY--PERSONAL NAME
Personal name زيادة، محمد مصطفى.;; Ziyādah, Muḥammad Muṣṭafá.
942 ## - ADDED ENTRY ELEMENTS (KOHA)
Source of classification or shelving scheme Dewey Decimal Classification
Koha item type Books
Holdings
Lost status Source of classification or shelving scheme Damaged status Not for loan Collection code Permanent Location Current Location Shelving location Date acquired Source of acquisition Cost, normal purchase price Full call number Date last seen Copy number Koha item type
  Dewey Decimal Classification   Not For Loan Non-fiction Central Library, University of Rajshahi Central Library, University of Rajshahi Reading Room 17/09/1968 Zeitlinger 350.00 A 962.024 MAK V-1 pt.1 1934 16/02/2022 C-1 Books
  Dewey Decimal Classification   Not For Loan Non-fiction Central Library, University of Rajshahi Central Library, University of Rajshahi Reading Room 17/09/1968 Zeitlinger 350.00 A 962.024 MAK V.1 pt.2 1936 16/02/2022 C-1 Books
  Dewey Decimal Classification   Not For Loan Non-fiction Central Library, University of Rajshahi Central Library, University of Rajshahi Reading Room 17/09/1968 Zeitlinger 350.00 A 962.024 MAK V.1 pt.3 1939 16/02/2022 C-1 Books
  Dewey Decimal Classification   Not For Loan Non-fiction Central Library, University of Rajshahi Central Library, University of Rajshahi Reading Room 17/09/1968 Zeitlinger 350.00 A 962.024 MAK V.2 pt.1-2 1941-42 16/02/2022 C-1 Books